Sekolah Agama di Malaysia : sejarah, isu & cabaran

Bibliographic Details
Main Authors: Mohd Hairudin Amin (Author), Kamarul Azmi Jasmi (Author)
Other Authors: Noriyani Yusoff (Editor)
Format: Book
Language:Malay
Published: Skudai, Johor : Penerbit UTM Press 2012
Subjects:

MARC

LEADER 00000cam a2200000 7i4500
001 0000027887
005 20241120.0
008 180313 my a may
020 |a 9789835207914 
040 |a INS   |b eng   |e rda 
090 0 0 |a LC910 .M4   |b H153 2012 
100 0 |a Mohd Hairudin Amin ,   |e author 
245 1 0 |a Sekolah Agama di Malaysia :   |b sejarah, isu & cabaran   |c Mohd Hairudin Amin, Kamarul Azmi Jasmi; editor Noriyani Yusoff 
264 1 |a Skudai, Johor :   |b Penerbit UTM Press   |c 2012 
264 4 |c ©2012 
300 |a xix, 148 pages :   |b illustrations ;   |c 23 cm. 
336 |a text  |2 rdacontent 
337 |a unmediated  |2 rdamedia 
338 |a volume  |2 rdacarrier 
500 |a Includes index 
504 |a Includes bibliographical references (pages [119] - 146) 
650 0 |a Islamic education   |z Malaysia. 
650 0 |a Islamic religious education of children   |z Malaysia. 
650 0 |a Schools > Malaysia   |x History. 
700 0 |a Kamarul Azmi Jasmi ,   |e author 
700 0 |a Noriyani Yusoff ,   |e editor 
999 |a 1000003290   |b BOOK   |c Open Shelf   |e Default branch 
999 |a 1000003291   |b BOOK   |c Open Shelf   |e Default branch